=LDR 00000nam 2200000 4500 =001 INLIS000000000048099 =005 20160503121227.0 =006 =007 =008 =020 ##$$a 979-489-683-7 =035 ##$$0010-051600000000004 =082 ##$$a 639.342 =100 ##$$a seri agriwawasan =245 ##$$a ikan hias laut indonesia =250 ##$$a iv. jakarta 2009 =260 ##$$a penebar swadaya =990 ##$$a 0001/BPAP-NTB/2016